ბათუმის შოთა რუსთაველის სახელმწიფო უნივერსიტეტის ბიბლიოთეკა

თურქეთის ბიბლიოგრაფია : (ბიბ.ჩანაწერი № 37780)

000 -ლიდერი
ფიქსირებული სიგრძის საკონტროლო ველი 01099nam a2200229Ia 4500
001 - საკონტროლო ნომერი
საკონტროლო ველი 3757
003 - საკონტროლო ნომრის იდენტიფიკატორი
საკონტროლო ველი GE_BSU
005 - ბოლო ოპერაციის თარიღი და დრო
საკონტროლო ველი 20190809160602.0
008 - ფიქსირებული სიგრძის მონაცემთა ელემენტები - ზოგადი ინფორმაცია
ფიქსირებული სიგრძის საკონტროლო ველი 181216s1971||||ge |||||||||||||| ||geo||
040 ## - კატალოგიზაციის წყარო
Transcribing agency GE_BSU
041 ## - ენის კოდი
Language code of text/sound track or separate title geo
080 ## - უნივერსალური ათობითი კლასიფიკაციის ინდექსი
Universal Decimal Classification number 016:94(560) ბ–88
100 ## - მთავარი ჩანაწერი - პიროვნების სახელი
Personal name ბოსტაშვილი, ნ.
9 (RLIN) 3489
245 ## - ცნობა სათაურის შესახებ
Statement of responsibility, etc რედ. ო. გიგინეიშვილი.
Title თურქეთის ბიბლიოგრაფია :
Remainder of title ისტორია /
264 ## - წარმოების, გამოცემის, დისტრიბუციის და სხვა ცნობები
გამოცემის, წარმოების, დისტრიბუციის... ადგილი თბილისი :
გამოცემის, წარმოების, დისტრიბუციის... სახელწოდება მეცნიერება,
გამოცემის, წარმოების, დისტრიბუციის... თარიღი 1971.
300 ## - ფიზიკური აღწერა
Extent 290 გვ.;
Other physical details 22 სმ.
501 ## - შენიშვნა თანმხლებ მასალაზე
With note პირთა და გეოგრაფიულ სახელთა საძიებელი. გვ.: 258-282.
504 ## - BIBLIOGRAPHY, ETC. NOTE
Bibliography, etc გამოყენებული წყაროები. (ბიბლიოგრაფიები) გვ.: 283-289.
653 ## - INDEX TERM--UNCONTROLLED
Uncontrolled term თურქეთის ისტორია - ბიბლიოგრაფია
700 ## - ADDED ENTRY--PERSONAL NAME
Personal name გიგინეიშვილი, ო.
Relator term რედაქტორი
9 (RLIN) 1029
942 ## - ADDED ENTRY ELEMENTS (KOHA)
Koha item type წიგნი
Source of classification or shelving scheme
ეგზემპლარები
ჩამოწერის სტატუსი დაკარგული ეგზემპლარის სტატუსი კლასიფიკაციის წყარო ან თაროზე გაწყობის სქემა დაზიანების სტატუსი არ გაიცემა მუდმივი მდებარეობა (დაცვის ადგილი) ამჟამინდელი ადგილსამყოფელი თაროზე განთავსების ადგილი შეძენის თარიღი ღირებულება, შესყიდვის ნორმალური ფასი სრული შენახვის შიფრი შტრიხკოდი ბოლო ოპერაციის თარიღი ეგზემპლარის მიმდევრობითი ნომერი (კეტერი?) ფასის ძალაში შესვლის თარიღი ეგზემპლარის სახეობა საჯარო შენიშვნა
          ბათუმის შოთა რუსთაველის სახელმწიფო უნივერსიტეტის მთავარი ბიბლიოთეკა ბათუმის შოთა რუსთაველის სახელმწიფო უნივერსიტეტის მთავარი ბიბლიოთეკა წიგნსაცავი 2018-12-17 3.00 016:94(560) ბ–88 5360 2018-12-17 5360 2018-12-17 წიგნი 3 ლ.
          ბათუმის შოთა რუსთაველის სახელმწიფო უნივერსიტეტის მთავარი ბიბლიოთეკა ბათუმის შოთა რუსთაველის სახელმწიფო უნივერსიტეტის მთავარი ბიბლიოთეკა წიგნის კალათა 2018-12-17 3.00 016:94(560) ბ–88 5361 2018-12-17 5361 2018-12-17 წიგნი 3 ლ.